Najpopularniejsi raperzy w tym tygodniu . 02-08.07 - Statystyki

Ogólne statystyki
  • Ten quiz został rozwiązany 19 razy
  • Średni wynik to 8 z 15
Statystyki odpowiedzi
Miejsce w poprzednim tygodniu Wyświetlenia Raper % Poprawnych
#2 8.05M Mata
94%
#11 2.77M Bedoes
89%
#5 5.48M White 2115
72%
#3 9.99M Kizo
67%
#13 2.74M Żabson
67%
#1 10.50M Sobel
61%
#6 3.63M Oki
50%
#15 3.82M Reto
50%
#4 4.41M Young Igi
50%
#16 2.46M Guzior
44%
#7 3.56M Otsochodzi
44%
#14 2.56M Szpaku
28%
#8 3.22M Paluch
22%
#9 4.04M Tymek
22%
#10 4.13M Hinol Polska Wersja
11%
Nie znaleziono quizów pasujących do podanych kryteriów
Rozkład punktacji
Procent ludzi z każdym wynikiem
Percentyl według liczby udzielonych odpowiedzi
Twoja historia wyników
Nie rozwiązałeś tego quizu